| 000 | 01619nam2a22003131 4500 | ||
|---|---|---|---|
| 001 | v19\rc\1938857 | ||
| 005 | 20251118180808.9 | ||
| 035 | _a(NLR Aleph) 005022630 | ||
| 090 |
_a6605514 _c6605514 |
||
| 100 | _a20080404d1904 u y0rusy50 ca | ||
| 101 | 0 | _arus | |
| 102 | _aRU | ||
| 105 | _aa z ||||| | ||
| 200 | 1 |
_aРуководство по винокурению _eСост. по 8-му изд. Меркера и др. новейшим источникам |
|
| 210 | _d1904 | ||
| 215 |
_a807 с. _cил. |
||
| 300 | _aЧ. 1 выходила отд. вып. | ||
| 316 |
_aЭкземпляр РНБ (37.33.6.8(1)): утрачен _5NLR: 37.33.6.8(1) |
||
| 461 | 0 |
_1001v19\rc\1938856 _12001#$aСпирт$fСост. по 9-му изд. Меркера и др. новейшим источникам инж.-химик К. Шиллинг, зав. Губ. акциз. лабораторией в Саратове. Ч. -2$vЧ. 1 _1700#1$aШиллинг$bК.Ю.$gКарл Юльевич$4220 _96605506 _aШиллинг, К.Ю. _cРига _d1904-1912 _fСост. по 9-му изд. Меркера и др. новейшим источникам инж.-химик К. Шиллинг, зав. Губ. акциз. лабораторией в Саратове. Ч. -2 _nН. Киммель _tСпирт _vЧ. 1 |
|
| 702 | 1 |
_aМеркер _bМ.Г. _f1842-1901 _gМакс Генрих _4100 |
|
| 801 | 0 |
_aRU _bNLR _gpsbo |
|
| 801 | 0 |
_aRU _bRuMoRGB _2psbo |
|
| 801 | 1 |
_aRU _bProSoft-M _2rusmarc |
|
| 852 |
_aNLR _j37.33.6.8(1) |
||
| 899 |
_aRuMoRGB _jJ 64/96 |
||
| 899 |
_aRuMoRGB _jJ 2/151 |
||
| 899 | _aБАН | ||
| 942 | _cBOOK | ||
| 980 | _aNB | ||